Quiz Cultura Generale - Quiz n°92 - Statistics

Statistiche generali
  • Questo quiz è stato fatto 152 volte
  • Il punteggio medio è 11 su 15
Statistiche sulle risposte
Domanda Risposta % Corretto
Come si traduce il termine inglese "black"? Nero
100%
Qual è il continente più esteso? Asia
97%
Di che colore sono le strisce dei parcheggi a pagamento? Blu
95%
Secondo la Bibbia, chi fu ucciso da Caino? Abele
87%
Quale il nome comune del "Cloruro di sodio"? Sale da cucina
77%
Qual è la radice quadrata del doppio di 72? 12
76%
Qual è il modo verbale di "cucinando"? Gerundio
76%
In quale nazione si trova l'Anatolia? Turchia
73%
Qual è lo stato con la superficie più estesa che si affaccia sul Mar Mediterraneo? Algeria
61%
Quale supereroe della DC Comics è stato interpretato da Christian Bale nella trilogia diretta da Christopher Nolan? Batman
61%
Come viene detta una parola il cui accento cade sull'ultima sillaba? Tronca
58%
In quale stato odierno si trova Ninive, la capitale del Regno Assiro? Iraq
56%
Dove fu sepolto San Pietro, primo Papa della Chiesa cattolica? Roma
52%
Come viene chiamata la riunione in cui i cardinali sono chiamati ad eleggere il nuovo Papa? Conclave
51%
Come si chiama l'attuale Re di Spagna? Filippo VI di Spagna
43%
Nessun quiz corrispondente trovato
Distribuzione punteggi
Percentuale di utenti per punteggio
Percentile per numero di risposta
I tuoi punteggi nel tempo
Non hai fatto questo quiz